Top 15 Country Music Films (IMDB) - Statistics

General Stats
  • This quiz has been taken 18 times
    6 since last reset
  • The average score is 3 of 16
Answer Stats
Film Year IMDB % Correct
Coal Miner's Daughter 1980 7.5
80%
Walk the Line 2005 7.8
80%
Crazy Heart 2009 7.2
60%
Tender Mercies 1983 7.3
60%
O Brother, Where Art Thou? 2000 7.7
20%
Pure Country 1992 7.1
20%
Sweet Dreams 1985 7.0
20%
Annabelle's Wish 1997 7.2
0%
Blue Collar Comedy Tour Rides Again 2004 7.1
0%
Blue Collar Comedy Tour: The Movie 2003 7.1
0%
Nashville 1975 7.6
0%
Payday 1973 7.1
0%
Smokey and the Bandit 1977 7.0
0%
Songcatcher 2000 7.3
0%
The Apostle 1997 7.2
0%
Transamerica 2005 7.3
0%
No matching quizzes found
Score Distribution
Percent of People with Each Score
Percentile by Number Answered
Your Score History
You have not taken this quiz since the last reset